00366nam a2200133Ia 4500008004100000020001500041041001200056082001600068100002200084245005700106260004700163300000800210650001400218221030s9999 xx 000 0 und d a0852267843 aEnglish a105.23bMuk aK. K. R. Mukerjee 0aFundamentals of Photochemistrycby K. K. R. Mukerjee bNew Age International PubaNew Delhic2000 a371 aChemistry